{"text_format":"3","workbook":"xlsx","n_sheets":1,"sheets":["t77"],"read":"whole","date_system":"1900"}

{"sheet":"t77","index":0,"n_rows":161,"n_cols":7,"rows_kept":161,"merged":[[0,0,0,6],[30,0,30,5],[48,0,48,5],[151,0,151,5]]}
["TABELA 77.1 - Estatísticas Agrícolas, Município de Bocaina, Estado de São Paulo, 2007/08."]
["ITEM","UNIDADE","N.DE UPAs","MÍNIMO","MÉDIO","MÁXIMO","TOTAL"]
["Distância à sede do município","km",219,{"v":1,"d":"1.0"},{"v":8.46,"d":"8.5"},{"v":25,"d":"25.0"},"-"]
["Área total","hectare",219,1.6,{"v":159.99,"d":"160.0"},{"v":1774.3,"d":"1,774.3"},{"v":35038.78,"d":"35,038.8"}]
["Área com cultura perene","hectare",9,{"v":2,"d":"2.0"},{"v":46.64,"d":"46.6"},159.7,419.8]
["Área com cultura temporária","hectare",155,0.1,{"v":120.67,"d":"120.7"},{"v":1661,"d":"1,661.0"},{"v":18704.2,"d":"18,704.2"}]
["Área com pastagem","hectare",148,0.7,{"v":75.58,"d":"75.6"},{"v":1631,"d":"1,631.0"},{"v":11185.4,"d":"11,185.4"}]
["Área com reflorestamento","hectare",1,824.7,824.7,824.7,824.7]
["Área com vegetação natural","hectare",69,0.5,{"v":27.22,"d":"27.2"},280.3,{"v":1878.1,"d":"1,878.1"}]
["Área com vegetação de brejo e várzea","hectare","-","-","-","-",{"v":0,"d":"0.0"}]
["Área em descanso","hectare",34,0.2,{"v":13.84,"d":"13.8"},173.9,470.6]
["Área complementar","hectare",152,{"v":0.08,"d":"0.1"},{"v":10.24,"d":"10.2"},{"v":270,"d":"270.0"},{"v":1555.98,"d":"1,556.0"}]
["Área das UPAs com (0, 1] ha","hectare","-","-","-","-","-"]
["Área das UPAs com (1, 2] ha","hectare",4,1.6,{"v":1.83,"d":"1.8"},{"v":2,"d":"2.0"},7.3]
["Área das UPAs com (2, 5] ha","hectare",16,2.4,{"v":4.06,"d":"4.1"},{"v":5,"d":"5.0"},64.9]
["Área das UPAs com (5, 10] ha","hectare",19,5.5,{"v":7.75,"d":"7.8"},9.7,147.2]
["Área das UPAs com (10, 20] ha","hectare",26,10.8,{"v":14.57,"d":"14.6"},18.5,378.9]
["Área das UPAs com (20, 50] ha","hectare",45,20.6,{"v":32.87,"d":"32.9"},48.4,{"v":1479.28,"d":"1,479.3"}]
["Área das UPAs com (50, 100] ha","hectare",31,52.6,{"v":76.29,"d":"76.3"},99.1,{"v":2365.1,"d":"2,365.1"}]
["Área das UPAs com (100, 200] ha","hectare",33,{"v":104,"d":"104.0"},{"v":143.35,"d":"143.4"},198.4,{"v":4730.7,"d":"4,730.7"}]
["Área das UPAs com (200, 500] ha","hectare",27,203.2,{"v":305.64,"d":"305.6"},485.4,{"v":8252.3,"d":"8,252.3"}]
["Área das UPAs com (500, 1.000] ha","hectare",11,504.9,{"v":681.99,"d":"682.0"},979.4,{"v":7501.9,"d":"7,501.9"}]
["Área das UPAs com (1.000, 2.000] ha","hectare",7,{"v":1086,"d":"1,086.0"},{"v":1444.46,"d":"1,444.5"},{"v":1774.3,"d":"1,774.3"},{"v":10111.2,"d":"10,111.2"}]
["Área das UPAs com (2.000, 5.000] ha","hectare","-","-","-","-","-"]
["Área das UPAs com (5.000, 10.000] ha","hectare","-","-","-","-","-"]
["Área das UPAs acima de 10.000 ha","hectare","-","-","-","-","-"]
["Familiares do proprietário que trabalham na UPA","unidade",130,{"v":1,"d":"1.0"},{"v":1.62,"d":"1.6"},{"v":11,"d":"11.0"},{"v":211,"d":"211.0"}]
["Trabalhadores permanentes","unidade",111,{"v":1,"d":"1.0"},{"v":2.76,"d":"2.8"},{"v":21,"d":"21.0"},{"v":306,"d":"306.0"}]
["Fonte: Secretaria de Agricultura e Abastecimento, CDRS/IEA, Projeto LUPA."]
[]
["TABELA 77.2 - Explorações Animais, Município de Bocaina, Estado de São Paulo, 2007/08."]
["ITEM","UNIDADE","N.DE UPAs","MÍNIMO","MÉDIO","MÁXIMO","TOTAL"]
["Asininos E Muares","cabeças",3,{"v":1,"d":"1.0"},{"v":2,"d":"2.0"},{"v":3,"d":"3.0"},{"v":6,"d":"6.0"}]
["Avicultura de Corte","cabeças/ano",10,{"v":2,"d":"2.0"},{"v":9439.8,"d":"9,439.8"},{"v":80000,"d":"80,000.0"},{"v":94398,"d":"94,398.0"}]
["Avicultura para Ovos","cabeças",2,{"v":15,"d":"15.0"},28.5,{"v":42,"d":"42.0"},{"v":57,"d":"57.0"}]
["Bovinocultura de Corte","cabeças",105,{"v":1,"d":"1.0"},78.4,{"v":1084,"d":"1,084.0"},{"v":8232,"d":"8,232.0"}]
["Bovinocultura Leiteira","cabeças",4,{"v":5,"d":"5.0"},{"v":24.25,"d":"24.3"},{"v":70,"d":"70.0"},{"v":97,"d":"97.0"}]
["Bovinocultura Mista","cabeças",2,{"v":13,"d":"13.0"},106.5,{"v":200,"d":"200.0"},{"v":213,"d":"213.0"}]
["Caprinocultura","cabeças",1,{"v":30,"d":"30.0"},{"v":30,"d":"30.0"},{"v":30,"d":"30.0"},{"v":30,"d":"30.0"}]
["Equinocultura","cabeças",66,{"v":1,"d":"1.0"},{"v":6.42,"d":"6.4"},{"v":85,"d":"85.0"},{"v":424,"d":"424.0"}]
["Helicicultura","viveiros",8,{"v":1,"d":"1.0"},{"v":3.63,"d":"3.6"},{"v":7,"d":"7.0"},{"v":29,"d":"29.0"}]
["Minhocultura","canteiros",1,{"v":25,"d":"25.0"},{"v":25,"d":"25.0"},{"v":25,"d":"25.0"},{"v":25,"d":"25.0"}]
["Outra Exploração Animal","cabeças",1,{"v":40,"d":"40.0"},{"v":40,"d":"40.0"},{"v":40,"d":"40.0"},{"v":40,"d":"40.0"}]
["Ovinocultura","cabeças",2,{"v":6,"d":"6.0"},{"v":16,"d":"16.0"},{"v":26,"d":"26.0"},{"v":32,"d":"32.0"}]
["Piscicultura","m² tanques",1,{"v":14,"d":"14.0"},{"v":14,"d":"14.0"},{"v":14,"d":"14.0"},{"v":14,"d":"14.0"}]
["Suinocultura","cabeças",9,{"v":3,"d":"3.0"},{"v":13.33,"d":"13.3"},{"v":20,"d":"20.0"},{"v":120,"d":"120.0"}]
["Fonte: Secretaria de Agricultura e Abastecimento, CDRS/IEA, Projeto LUPA."]
[]
["TABELA 77.3 -  Máquinas, Implementos e Benfeitorias, Município de Bocaina, Estado de São Paulo, 2007/08."]
["ITEM","UNIDADE","N.DE UPAs","MÍNIMO","MÉDIO","MÁXIMO","TOTAL"]
["Arado Comum (Bacia, Aiveca)","Unidade",10,{"v":1,"d":"1.0"},1.7,{"v":5,"d":"5.0"},{"v":17,"d":"17.0"}]
["Arado Escarificador","Unidade",40,{"v":1,"d":"1.0"},{"v":1.58,"d":"1.6"},{"v":5,"d":"5.0"},{"v":63,"d":"63.0"}]
["Arado Subsolador","Unidade",17,{"v":1,"d":"1.0"},{"v":1.24,"d":"1.2"},{"v":4,"d":"4.0"},{"v":21,"d":"21.0"}]
["Batedeira de Cereais","Unidade",4,{"v":1,"d":"1.0"},{"v":1,"d":"1.0"},{"v":1,"d":"1.0"},{"v":4,"d":"4.0"}]
["Câmara Fria","Unidade",2,{"v":1,"d":"1.0"},{"v":1,"d":"1.0"},{"v":1,"d":"1.0"},{"v":2,"d":"2.0"}]
["Carregadeira de Cana","Unidade",3,{"v":1,"d":"1.0"},{"v":7.67,"d":"7.7"},{"v":20,"d":"20.0"},{"v":23,"d":"23.0"}]
["Colhedeira Automotriz","Unidade",3,{"v":1,"d":"1.0"},{"v":1.67,"d":"1.7"},{"v":3,"d":"3.0"},{"v":5,"d":"5.0"}]
["Conj.Irrigação Autopropelido","Unidade",1,{"v":3,"d":"3.0"},{"v":3,"d":"3.0"},{"v":3,"d":"3.0"},{"v":3,"d":"3.0"}]
["Conj.Irrigação Convencional","Unidade",6,{"v":1,"d":"1.0"},{"v":2.17,"d":"2.2"},{"v":8,"d":"8.0"},{"v":13,"d":"13.0"}]
["Conj.Irrigação/Gotejamento/Microaspersão","Unidade",2,{"v":1,"d":"1.0"},{"v":1,"d":"1.0"},{"v":1,"d":"1.0"},{"v":2,"d":"2.0"}]
["Conjunto de Fenação","Unidade",4,{"v":1,"d":"1.0"},{"v":1,"d":"1.0"},{"v":1,"d":"1.0"},{"v":4,"d":"4.0"}]
["Desintegrador, Picador, Triturador","Unidade",67,{"v":1,"d":"1.0"},{"v":1.19,"d":"1.2"},{"v":4,"d":"4.0"},{"v":80,"d":"80.0"}]
["Distribuidor de Calcário","Unidade",3,{"v":1,"d":"1.0"},{"v":2,"d":"2.0"},{"v":4,"d":"4.0"},{"v":6,"d":"6.0"}]
["Ensiladeira","Unidade",5,{"v":1,"d":"1.0"},{"v":1,"d":"1.0"},{"v":1,"d":"1.0"},{"v":5,"d":"5.0"}]
["Grade Aradora (Tipo Romi)","Unidade",7,{"v":1,"d":"1.0"},{"v":1.29,"d":"1.3"},{"v":2,"d":"2.0"},{"v":9,"d":"9.0"}]
["Grade Niveladora","Unidade",5,{"v":1,"d":"1.0"},1.2,{"v":2,"d":"2.0"},{"v":6,"d":"6.0"}]
["Implementos para Tração Animal","Unidade",1,{"v":1,"d":"1.0"},{"v":1,"d":"1.0"},{"v":1,"d":"1.0"},{"v":1,"d":"1.0"}]
["Microtrator","Unidade",10,{"v":1,"d":"1.0"},1.1,{"v":2,"d":"2.0"},{"v":11,"d":"11.0"}]
["Misturador de Ração","Unidade",4,{"v":1,"d":"1.0"},{"v":1.25,"d":"1.3"},{"v":2,"d":"2.0"},{"v":5,"d":"5.0"}]
["Ordenhadeira Mecânica","Unidade",3,{"v":1,"d":"1.0"},{"v":2,"d":"2.0"},{"v":4,"d":"4.0"},{"v":6,"d":"6.0"}]
["Pulverizador Tratorizado","Unidade",26,{"v":1,"d":"1.0"},{"v":1.46,"d":"1.5"},{"v":6,"d":"6.0"},{"v":38,"d":"38.0"}]
["Resfriador de Leite, Tanque Expansão","Unidade",2,{"v":1,"d":"1.0"},{"v":1,"d":"1.0"},{"v":1,"d":"1.0"},{"v":2,"d":"2.0"}]
["Semeadeira/Adubadeira para Plantio Convencional","Unidade",2,{"v":1,"d":"1.0"},1.5,{"v":2,"d":"2.0"},{"v":3,"d":"3.0"}]
["Semeadeira/Plantadeira Plantio Direto","Unidade",16,{"v":1,"d":"1.0"},{"v":1.38,"d":"1.4"},{"v":4,"d":"4.0"},{"v":22,"d":"22.0"}]
["Terraceador","Unidade",8,{"v":1,"d":"1.0"},{"v":1.13,"d":"1.1"},{"v":2,"d":"2.0"},{"v":9,"d":"9.0"}]
["Trator de Esteiras","Unidade",1,{"v":1,"d":"1.0"},{"v":1,"d":"1.0"},{"v":1,"d":"1.0"},{"v":1,"d":"1.0"}]
["Trator de Pneus","Unidade",69,{"v":1,"d":"1.0"},{"v":2.54,"d":"2.5"},{"v":40,"d":"40.0"},{"v":175,"d":"175.0"}]
["Açude/Represa","Unidade",52,{"v":1,"d":"1.0"},{"v":1.58,"d":"1.6"},{"v":4,"d":"4.0"},{"v":82,"d":"82.0"}]
["Almoxarifado/Oficina","Unidade",24,{"v":1,"d":"1.0"},{"v":1.17,"d":"1.2"},{"v":3,"d":"3.0"},{"v":28,"d":"28.0"}]
["Armazém para Grãos Ensacados","Sacas",14,{"v":1,"d":"1.0"},{"v":272.14,"d":"272.1"},{"v":2000,"d":"2,000.0"},{"v":3810,"d":"3,810.0"}]
["Balança para Bovinos","Unidade",10,{"v":1,"d":"1.0"},{"v":1,"d":"1.0"},{"v":1,"d":"1.0"},{"v":10,"d":"10.0"}]
["Balança para Veículos","Unidade",3,{"v":1,"d":"1.0"},{"v":1,"d":"1.0"},{"v":1,"d":"1.0"},{"v":3,"d":"3.0"}]
["Barracão para Cultivo de Cogumelo","Unidade",1,{"v":1,"d":"1.0"},{"v":1,"d":"1.0"},{"v":1,"d":"1.0"},{"v":1,"d":"1.0"}]
["Barracão para Granja/Avicultura","Unidade",4,{"v":1,"d":"1.0"},{"v":1,"d":"1.0"},{"v":1,"d":"1.0"},{"v":4,"d":"4.0"}]
["Barracão/Galpão/Garagem","Unidade",61,{"v":1,"d":"1.0"},{"v":1.28,"d":"1.3"},{"v":6,"d":"6.0"},{"v":78,"d":"78.0"}]
["Biodigestor","Unidade",1,{"v":1,"d":"1.0"},{"v":1,"d":"1.0"},{"v":1,"d":"1.0"},{"v":1,"d":"1.0"}]
["Casa de Moradia Habitada","Unidade",95,{"v":1,"d":"1.0"},{"v":2.25,"d":"2.3"},{"v":10,"d":"10.0"},{"v":214,"d":"214.0"}]
["Casa de Moradia Total","Unidade",120,{"v":1,"d":"1.0"},{"v":3.16,"d":"3.2"},{"v":14,"d":"14.0"},{"v":379,"d":"379.0"}]
["Curral/Mangueira","Unidade",99,{"v":1,"d":"1.0"},{"v":1.16,"d":"1.2"},{"v":6,"d":"6.0"},{"v":115,"d":"115.0"}]
["Depósito/Tulha","Unidade",55,{"v":1,"d":"1.0"},{"v":1.15,"d":"1.2"},{"v":4,"d":"4.0"},{"v":63,"d":"63.0"}]
["Engenho","Unidade",1,{"v":1,"d":"1.0"},{"v":1,"d":"1.0"},{"v":1,"d":"1.0"},{"v":1,"d":"1.0"}]
["Estábulo","Unidade",19,{"v":1,"d":"1.0"},{"v":1.05,"d":"1.1"},{"v":2,"d":"2.0"},{"v":20,"d":"20.0"}]
["Instalações para Equinos","Unidade",23,{"v":1,"d":"1.0"},{"v":4.09,"d":"4.1"},{"v":40,"d":"40.0"},{"v":94,"d":"94.0"}]
["Máquina de Benefício","Unidade",6,{"v":1,"d":"1.0"},{"v":1,"d":"1.0"},{"v":1,"d":"1.0"},{"v":6,"d":"6.0"}]
["Pocilga","Unidade",11,{"v":1,"d":"1.0"},{"v":1,"d":"1.0"},{"v":1,"d":"1.0"},{"v":11,"d":"11.0"}]
["Poço Semi-Artesiano","Unidade",34,{"v":1,"d":"1.0"},{"v":1.03,"d":"1.0"},{"v":2,"d":"2.0"},{"v":35,"d":"35.0"}]
["Secador de Grãos","Unidade",5,{"v":1,"d":"1.0"},1.6,{"v":3,"d":"3.0"},{"v":8,"d":"8.0"}]
["Silo para Silagem","t",5,{"v":1,"d":"1.0"},201.4,{"v":1000,"d":"1,000.0"},{"v":1007,"d":"1,007.0"}]
["Terreiro","m²",24,{"v":1,"d":"1.0"},{"v":1076.5,"d":"1,076.5"},{"v":5000,"d":"5,000.0"},{"v":25836,"d":"25,836.0"}]
["Usina de Açúcar/destilaria","Unidade",1,{"v":1,"d":"1.0"},{"v":1,"d":"1.0"},{"v":1,"d":"1.0"},{"v":1,"d":"1.0"}]
["Fonte: Secretaria de Agricultura e Abastecimento, CDRS/IEA, Projeto LUPA."]
[]
["TABELA 77.4 - Outras Estatísticas Agrícolas, Município de Bocaina, Estado de São Paulo, 2007/08."]
["ITEM","Número de UPAs",null,"Percentual"]
["Faz Parte de Associação de Produtores",135,null,{"v":61.36363636363637,"d":"61.4"}]
["Faz Parte de Cooperativa de Produtores",76,null,{"v":34.54545454545455,"d":"34.5"}]
["Faz Parte do Sindicato de Produtores",107,null,{"v":48.63636363636364,"d":"48.6"}]
["Não utiliza assistência técnica ",76,null,{"v":34.54545454545455,"d":"34.5"}]
["Utiliza somente assistência técnica governamental ",22,null,{"v":10,"d":"10.0"}]
["Utiliza somente assistência técnica privada ",51,null,{"v":23.181818181818183,"d":"23.2"}]
["Utiliza assistência técnica tanto governamental quanto privada",70,null,{"v":31.818181818181817,"d":"31.8"}]
["Utiliza Crédito Rural",24,null,{"v":10.909090909090908,"d":"10.9"}]
["Utiliza Seguro Rural","-",null,"-"]
["Utiliza Escrituração Agrícola",200,null,{"v":90.9090909090909,"d":"90.9"}]
["Acessa Internet p/ Fins na Agropecuária",16,null,{"v":7.272727272727273,"d":"7.3"}]
["Utiliza Computador nas Atividades Agropecuárias",28,null,{"v":12.727272727272727,"d":"12.7"}]
["Utiliza Energia Elétrica Para Uso na Atividade Agrícola",167,null,{"v":75.9090909090909,"d":"75.9"}]
["Realiza Análise de Solo, quando necessário",132,null,{"v":60,"d":"60.0"}]
["Utiliza Práticas de Conservação de Solo, quando necessário",198,null,{"v":90,"d":"90.0"}]
["Faz Adubação Mineral, quando necessário",140,null,{"v":63.63636363636363,"d":"63.6"}]
["Faz Adubação Orgânica, quando necessário",49,null,{"v":22.272727272727273,"d":"22.3"}]
["Faz Adubação Verde, quando necessário",15,null,{"v":6.818181818181818,"d":"6.8"}]
["Utiliza Manejo Integrado de Pragas (MIP)",151,null,{"v":68.63636363636364,"d":"68.6"}]
["Utiliza Hidroponia","-",null,"-"]
["Utiliza Plasticultura","-",null,"-"]
["Utiliza Mudas Fiscalizadas",123,null,{"v":55.90909090909091,"d":"55.9"}]
["Utiliza Semente Melhorada",35,null,{"v":15.909090909090908,"d":"15.9"}]
["Faz Confinamento de Bovinos",4,null,{"v":1.8181818181818183,"d":"1.8"}]
["Utiliza Pastejo Intensivo",91,null,{"v":41.36363636363636,"d":"41.4"}]
["Faz Inseminação Artificial",1,null,{"v":0.4545454545454546,"d":"0.5"}]
["Faz Mineralização do Rebanho",105,null,{"v":47.72727272727273,"d":"47.7"}]
["Faz Vermifugação do Rebanho",105,null,{"v":47.72727272727273,"d":"47.7"}]
["Possui Parceiros /Arrendatários na Exploração Animal",13,null,{"v":5.909090909090909,"d":"5.9"}]
["Esporte e lazer","-",null,"-"]
["Extração mineral","-",null,"-"]
["Hotel Fazenda, Pousada ou SPA","-",null,"-"]
["Pesque-pague","-",null,"-"]
["Restaurante ou Lanchonete","-",null,"-"]
["Transformação artesanal",2,null,{"v":0.9090909090909092,"d":"0.9"}]
["Turismo rural ou ecoturismo","-",null,"-"]
["Outras atividades econômicas rurais","-",null,"-"]
["Agroindústria","-",null,"-"]
["Proprietário sem instrução ou com instrução incompleta",10,null,{"v":4.545454545454546,"d":"4.5"}]
["Proprietário com antigo primário completo",35,null,{"v":15.909090909090908,"d":"15.9"}]
["Proprietário com 1° grau (ou antigo ginasial) completo",17,null,{"v":7.7272727272727275,"d":"7.7"}]
["Proprietário com 2° grau (ou antigo colegial) completo",34,null,{"v":15.454545454545455,"d":"15.5"}]
["Proprietário com curso superior completo ",122,null,{"v":55.45454545454545,"d":"55.5"}]
["Pessoa Jurídica",1,null,{"v":0.4545454545454546,"d":"0.5"}]
["Proprietário residente na própria UPA ",20,null,{"v":9.090909090909092,"d":"9.1"}]
["Fonte: Secretaria de Agricultura e Abastecimento, CDRS/IEA, Projeto LUPA."]
[]
["TABELA 77.5 - Área Cultivada, Município de Bocaina, Estado de São Paulo, 2007/08."]
["CULTURA","N.DE UPAs","MÍNIMO","MÉDIO","MÁXIMO","TOTAL"]
["Cana-de-acucar",153,0.1,{"v":121.41,"d":"121.4"},{"v":1661,"d":"1,661.0"},{"v":18575.2,"d":"18,575.2"}]
["Braquiaria",147,0.7,{"v":75.81,"d":"75.8"},{"v":1631,"d":"1,631.0"},{"v":11144.3,"d":"11,144.3"}]
["Eucalipto",1,824.7,824.7,824.7,824.7]
["Laranja",2,72.6,{"v":116.15,"d":"116.2"},159.7,232.3]
["Cafe",7,{"v":2,"d":"2.0"},{"v":26.79,"d":"26.8"},{"v":90,"d":"90.0"},187.5]
["Milho",2,{"v":8,"d":"8.0"},64.5,{"v":121,"d":"121.0"},{"v":129,"d":"129.0"}]
["Capim-jaragua",1,41.1,41.1,41.1,41.1]
["Fonte: Secretaria de Agricultura e Abastecimento, CDRS/IEA, Projeto LUPA."]